Researching the accounting curriculum : strategies for change /

Bibliographic Details
Corporate Author: American Accounting Association
Other Authors: Ferrara, William L.
Format: Book
Language:English
Published: [Sarasota, Fla.] : American Accounting Association, 1975
Series:Education series (Sarasota, Fla.) ; no. 2.
Subjects:

MARC

Tag First Indicator Second Indicator Subfields
LEADER 00000cam a2200000 a 4500
001 in00000097086
005 20150924084957.0
008 750407s1975 flua b 10000 engm
010 |a  74025242  
035 |a (OCoLC)01322180 
035 |9 AAK8959AM 
040 |a DLC  |c DLC  |d m.c.  |d TXA  |d UtOrBLW 
043 |a n-us--- 
049 |a TXAM  |c [1633501] 
050 0 0 |a HF5630  |b .R47 
082 0 |a 657/.07/1173 
090 |a HF5630  |b  R47 1978 
245 0 0 |a Researching the accounting curriculum :  |b strategies for change /  |c editor, William L. Ferrara ; associate editors, James B. Bower [and others]. 
264 1 |a [Sarasota, Fla.] :  |b American Accounting Association,  |c 1975 
264 3 |c  1978 printing 
300 |a xv, 227 pages :  |b illustrations ;  |c 22 cm. 
336 |a text  |b txt  |2 rdacontent 
337 |a unmediated  |b n  |2 rdamedia 
338 |a volume  |b nc  |2 rdacarrier 
490 1 |a Education series ; no. 2 
500 |a Papers and critiques from an American Accounting Association symposium, held May 19-21, 1974. 
504 |a Includes bibliographical references. 
650 0 |a Accounting  |x Study and teaching  |z United States  |x Congresses. 
700 1 |a Ferrara, William L. 
710 2 |a American Accounting Association. 
830 0 |a Education series (Sarasota, Fla.) ;  |v no. 2. 
999 |a MARS 
999 f f |s 9d1acb59-e818-36e9-a01b-0e26dce8ebbc  |i 1e3d3d4f-95d9-34bf-bc8f-f07839996718  |t 0 
952 f f |p ric  |a Texas A&M University  |b Rellis Campus  |c Joint Library Facility  |d Remote Storage  |t 0  |e HF5630 R47 1978  |h Library of Congress classification  |i unmediated -- volume  |m A14806041027 
998 f f |a HF5630 R47 1978  |t 0  |l Remote Storage